header

Semi-rigid connections handbook (Record no. 236958)

MARC details
000 -LEADER
fixed length control field 01546nam a2200385 a 4500
082 04 - DEWEY DECIMAL CLASSIFICATION NUMBER
Classification number 624.1/772
245 00 - TITLE STATEMENT
Title Semi-rigid connections handbook
260 ## - PUBLICATION, DISTRIBUTION, ETC. (IMPRINT)
Place of publication Ft. Lauderdale, Fla. :
Name of publisher J. Ross Pub.,
Year of publication c2011.
300 ## - PHYSICAL DESCRIPTION
Number of Pages 1 v. (various pagings) :
Other physical details ill.
490 1# - SERIES STATEMENT
Series statement Civil and environmental engineering series
650 #0 - SUBJECT ADDED ENTRY--TOPICAL TERM
Topical Term Columns, Iron and steel
Topical Term Steel framing (Building)
Topical Term Deformations (Mechanics)
Topical Term Structural dynamics.
700 1# - ADDED ENTRY--PERSONAL NAME
Personal name Chen, Wai-Fah,
Personal name Kishi, Norimitsu,
Personal name Komuro, Masato,
856 40 - ELECTRONIC LOCATION AND ACCESS
Uniform Resource Identifier http://site.ebrary.com/lib/rucke/Doc?id=10520088

No items available.

© 2026 Rongo University
Contact us: librarian | system librarian | Rongo university